Les 10 villes de Suisse les plus peuplées commençant par N - Statistiques

Statistiques générales
  • Ce quiz a été pris 10 fois
  • Le résultat moyen est 3 sur 10
Statistiques - réponses
# Ville Population % Correct
1 Neuchâtel 44.898
100%
2 Nyon 23.016
100%
7 Nendaz 7.196
25%
5 Neuenhof 9.087
13%
3 Neuhausen am Rheinfall 11.213
13%
8 Neckertal 6.437
0%
10 Neftenbach 5.763
0%
6 Neuenkirch 7.222
0%
4 Niederhasli 9.611
0%
9 Nürensdorf 5.788
0%
Aucun quiz correspondant
Distribution des résultats
% des personnes avec chaque résultat
Percentile par nombre de réponses
Votre historique - résultats
Vous n’avez pas pris ce quiz